LEADER 01026nam a2200241 i 4500 001 000000079211 003 CaOOAMICUS 005 20170331000000.0 008 170331s1850 xx u000 u fre u 013 $a51448 040 $aSeMil$bita 100 1 $aLe Masson, Alexandre.$0(OLS)http://semarc/name/91186 245 10$aHistoire de la campagne de Novare en 1849 /$cpar l'auteur de Custoza [Alexandre Le Masson]. 260 $aTurin :$bChez tous les Libraires,$c1850. 300 $a185 p. ;$c18 cm. 650 4$aGuerre d'indipendenza italiane <1848-1866> - 1. 1848-1849.$0(OLS)http://semarc/subject/44848 650 4$aBattaglia di Novara <1849>.$0(OLS)http://semarc/subject/45218 850 $aSeMil 852 $aSeMil$W1$xVenegono$y1$m3S II 95 FA$j44960$B44960$CSeMilBibl$Z2$F46807 $8I 941 1 $a10 961 $aRecupero: Mantegazza 996 $6245$aHistoire de la campagne de Novare en 1849$9(OLS)http://semarc/title/403213 996 $6260$aTurin :$bChez tous les Libraires$9(OLS)http://semarc/publisher/56428 LEADER 01270nam a2200229 i 4500 001 000000209180 003 CaOOAMICUS 005 20111207000000.0 008 111207s1594 xx u000 u lat u 013 $a187969 040 $aSeMil$bita 245 10$aEtymologicon magnum seu magnum grammaticae penu .. 260 $a[Heidelberg] :$bex typ. Hieronymi Commelini,$c1594. 300 $a20 x 32,5 ;$cpp. 506 ;$cgr. e rom. 500 $aLa lettera dedicatoria all'inizio del volume porta la data 1595, 3 aprile (III Nonas aprilis). - Legatura in pergamena dell'epoca con fregi a secco. - Descrizione da : Incunaboli e Cinquecentine della Biblioteca del Seminario di Milano / catalogo a cura di Ubaldo Valentini, Milano 1981. - Numero di catalogo : 1510. 650 4$aCinquecentine.$0(OLS)http://semarc/subject/1297 650 4$aMilano (Ducato) - Statuti.$0(OLS)http://semarc/subject/11012 700 1 $aSylburg, Friedrich <1536-1596>.$0(OLS)http://semarc/name/74985 850 $aSeMil 852 $aSeMil$W1$xVenegono$y1$mFV.E V 5$j159634$B159634$CSeMilBibl$Z2$F170692 $86 996 $6245$aEtymologicon magnum seu magnum grammaticae penu ..$9(OLS)http://semarc/title/302376 996 $6260$a[Heidelberg] :$bex typ. Hieronymi Commelini$9(OLS)http://semarc/publisher/52366